000 06316nas1a22007571 4500
001 RU\NLR\INFOCOMM17\1000417334
005 20250807185544.0
035 _a(NLR Aleph) 002537471
090 _a918
_c918
100 _a20250807 rusy50
101 0 _arus
102 _aRU
110 _azyu||||0|y0
200 1 _aТруды Московского геолого-разведочного института им. Орджоникидзе
_fРед. совет. Отв. ред. проф. Е.Е.Захаров
_gМ-во высш. образования СССР
210 _aМ.
_aЛ.
_cГосгеолиздат
_d1936-1963
300 _aВыходит ненум. темат. выпусками. Описания см. в каталоге книг под заглавием каждого выпуска
702 1 _aЗахаров
_bЕ. Е.
_cд-р геол.-минерал. наук
_f1902-1980
_gЕвгений Евгеньевич
_3RU\NLR\AUTH\770215456
_4340
710 0 2 _aМосковский геолого-разведочный институт им. С. Орджоникидзе
_4070
801 1 _aRU
_bInfoComm
_c20040511
801 0 _aRU
_bNLR
_gPSBO
852 _aNLR
_j36-19/88
852 _aNLR
_bГн02
_jВ-7/17
852 _aNLR
_jП7/307
942 _cSE
945 _aРоссийская национальная библиотека
980 _aNB
980 _aBV
980 _aRUSPER